Statistics for Countries with embassies and consulates in Munich

Click here to take the quiz!

General Stats

  • This quiz has been taken 17 times
  • The average score is 37 of 39

Answer Stats

Continent Country % Correct
North AmericaUnited States of America
100%
EuropeSwitzerland
100%
Asia/ EuropeRussia
100%
EuropeSerbia
100%
EuropeKosovo
100%
EuropeAustria
100%
EuropeItaly
100%
EuropeSlovakia
100%
AsiaIran
100%
EuropeSlovenia
100%
EuropeFrance
100%
EuropeCzech Republic
100%
EuropeCroatia
100%
AsiaChina
100%
South AmericaChile
100%
North AmericaCanada
100%
EuropeBulgaria
100%
South AmericaBrazil
100%
EuropeUkraine
100%
EuropeUnited Kingdom
100%
Europethe Netherlands
100%
Asia/ EuropeTurkey
94%
EuropeRomania
94%
EuropeSpain
94%
EuropeAlbania
94%
AsiaIsrael
94%
AsiaIndia
94%
EuropeHungary
94%
EuropeGreece
94%
EuropeDenmark
94%
EuropeBosnia and Herzegovina
94%
AsiaJapan
94%
EuropeMacedonia
88%
AfricaSouth Africa
88%
EuropePoland
81%
South AmericaPeru
81%
EuropeBelarus
81%
EuropeMontenegro
75%
AsiaTaiwan
44%

Score Distribution

Percentile by Number Answered

Percent of People with Each Score

Your Score History

You have not taken this quiz